Регионална библиотека "Любен Каравелов" - Русе

The Language of Business English (Запис номер 39607)

MARC детайли
000 -Лидер
Контролно поле с фиксирана дължина 01330nam a2200361 c 4500
003 - Код на организацията, давaща контролен номер
Контролно поле BLK
005 - Дата и час на последна редакция
Контролно поле 20230816154534.0
008 - Елементи от данни с фиксирана дължина
fixed length control field 180408b bul|||||r ||||||| ||bul||
010 ## - Наследен системен номер
LC control number KNG00042963000
020 ## - Международен стандартен номер на книга ISBN
Международен стандартен номер на книга ISBN 0-13-228453-7
-- издат.: Prentice Hall
040 ## - Източник на каталожния запис
Идентификатор на билиотеката - собственик на записа BLK
041 ## - Код за език
Код за езика на текст/звукозапис или на отделно заглавие Английски
Код за езика КДБФ Английски
080 ## - УДК
Текстов определител УДК Английски език
УДК код - определител по УДК 811.111
УДК определител -5(075.4)
УДК - код + определител 811.111-5(075.4)
100 1# - Редна дума - Автор
Автор Brieger, Nick
Авторска отговорност първи автор
R(LIN) 6122
139 ## - Редно поле
Редна дума Brieger, Nick et al.
Авторски знак Bri - B 86
245 10 - Сведения за заглавието
Заглавие The Language of Business English
Подзаглавни данни Grammar [and] functions
Редно поле (дума) Nick Brieger; съавт. Simon Sweeney.
257 ## - Страна на издаване
Страна на създаване/издаване Съединени американски щати
260 ## - Област на издателските данни
-- New York
Име на издателя, разпространителя и проч. Prentice Hall
Година на издаване 1994
300 ## - Физическа характеристика
Страници 250 c.
Размери/Мащаб 28 cm
380 ## - Жанр
Жанр Езикознание. Филология
490 1# - СЕРИИ (Колекции)
Име на серия Reference Practice
650 #4 - Допълнително описание по предмет – тема
Основно описание – тема или топоним Английски език - граматика - учебни помагала
9 (RLIN) 242588
650 #4 - Допълнително описание по предмет – тема
Основно описание – тема или топоним Английски език - икономически английски - учебни помагала
9 (RLIN) 255313
653 ## - Ключова дума – ненормативна
Ключова дума английски език
653 ## - Ключова дума – ненормативна
Ключова дума бизнес английски език
700 1# - Други автори (авторска отговорност)
Лично име Sweeney, Simon
Автороска отговорност (Описва отношението между автора и произведението) съавт.
9 (RLIN) 276752
852 ## - Местоположение
Форматна сигнатура Цб ІІ 8278
856 4# - Електронен адрес и достъп
Електронен формат pdf - файл
Път до файла /url/
856 4# - Електронен адрес и достъп
Електронен формат pdf - файл
Път до файла /url/
942 ## - АРТИКУЛИ
Вид на библиотечния материал Книги
Скрит в OPAC Не
Koha issues (borrowed), all copies 2
944 ## - СЪЗДАВАНЕ И РЕДАКЦИЯ на ЗАПИСА
Създаване/Редакция Създаване
Дата на регистрацията/редакция 15.01.2003
Служител, извършил регистрацията/редакцията 30556
Статус, дата на статуса Теодора Пейчева-Дянкова
944 ## - СЪЗДАВАНЕ И РЕДАКЦИЯ на ЗАПИСА
Създаване/Редакция Редакция
Дата на регистрацията/редакция 21.06.2007
Служител, извършил регистрацията/редакцията
999 ## - СИСТЕМНИ КОНТРОЛНИ НОМЕРА
Koha biblionumber 39607
Koha biblioitemnumber 39607
Наличности
Код за отписване Код за изгубен артикул Код за повреда Коз за рестрикции Код за отдаване Артикулен № Име на библиотеката - собственик Име на библиотеката, в която се намира в момента Статус (Текущо местоположение) Дата на вписване в системата Местоположение - отдел Цена в лева Инвентарен номер Систематично азбучна сигнатура Баркод Номер на екземпляра Цена в евро Служебна бележка Служебен тип на артикула
  Не е изгубен Не е повреден без рестрикции заемане за дома 62011 Регионална библиотека "Любен Каравелов" Русе Регионална библиотека "Любен Каравелов" Русе ЧЧЗО - англ. ез. - Британски съвет 2001-01-01 ЧЧЗО - англ. ез. - Британски съвет 0.00 611463 Ч3 802.0-5/B 86 611463 1 0.00 Дата инв: 17.03.2015 Бележки инв: Ч32015 Книги
Vip Innovations Ltd, Rousse, Bulgaria 2025